00630 2200241 4500001002100000005001700021008004100038020002200079035002400101041000800125043001200133082000800145090001900153100002400172245004600196260003100242300002600273504001400299650002000313700002100333850001200354999002200366YOGYA-0511000000144120110525080324.0 ind  a978-602-97629-0-7 0010-051100000001440 aInd aYOPDYOG a745 aDep 745bHer L aHERAWATI,Enis Niken aLengger dalam tradisi masyarakat Wonosobo aSlemanbGenta Kalasac2010 a96 hlm,bilus,c23 cm ahlm.93-96 aKesenian Rakyat aJoko Widiyatmoko aYOPDYOG aCB-D.11-2010-1399